| 000 | 01518cam a22001814a 4500 | ||
|---|---|---|---|
| 005 | 20250605164356.0 | ||
| 008 | 250528s ||||||||||||||||||||||||d | ||
| 035 | _a24322 | ||
| 040 |
_aGR-AtMCL _bgre _dGR-AtMCL _eAACR2 |
||
| 245 | 1 | _aΤο Τραπεζικό 'Μπλόκο' Οδηγεί τις Επιχειρήσεις σε Λουκέτο / Τα Επιχειρηματικά Σχήματα της Θ.Ε.Α. | |
| 260 |
_bΕμπορικό Και Βιομηχανικό Επιμελητήριο Αθηνών, _c2015 |
||
| 300 | _a64 | ||
| 520 | _aΤα Επιχειρηματικά Σχήματ της Θ.Ε.Α., Η Αντιμετώπιση της Ενεργειακής Ασφάλειας και της Κλιματικής Αλλαγής από την Πολιτική Συνοχή της Ε.Ε., Έργα και Ημέρες των Σκληρών του Κουαρτέτου των Θεσμών, Κόλαση η Ελλάδα μετά από το Ενδεχόμενο Grexit, Αυξητική η Πορεία των Εξαγωγών στα Χρόνια των Μνημονίων, 1,2 δις Ευρώ Έχασαν οι Αγρότες στα Χρόνια της Κρίσης, Μείωση 50% στα Πρόστιμα Αυθαιρέτων με Ενεργειακή Αναβάθμιση, Στόχος η Μεγιστοποίηση της Χρήσης των Κοινοτικών Κονδυλίων. | ||
| 700 | 1 |
_aΜίχαλος Κωνσταντίνος _94319 |
|
| 942 | _cCR | ||
| 999 |
_c9211 _d9211 |
||